000 00739nam a22002177a 4500
005 20090904115956.0
008 090903t xxu||||| |||| 00| 0 eng d
010 _aB-356987
020 _a9788171873494
_c25.00
035 _aB-356987
037 _bDBAD / PUB
040 _adpl
_bEnglish
082 _aS
245 _aAdventure of Peter pan /
_cadapted by Payal
260 _bBook Palace
_c(200?)
300 _a11p. :
_c22cm(pbk)
_bcol. ill.
490 _aRead alound Granny's stories series
650 _aChildren stories, English
942 _2ddc
_cCH
_hS
_mADV
999 _c29998
_d29998